English Footballers A-Z - Statistics

General Stats
  • This quiz has been taken 226 times
    25 since last reset
  • The average score is 27 of 41
Answer Stats
Letter Hint Player % Correct
B Midfielder who played most games for Manchester Utd and Real Madrid David Beckham
91%
R Record goal scorer for both the national team and Manchester United Wayne Rooney
91%
S Premier League's record goal scorer Alan Shearer
83%
C Player who won the Ballon d'Or in 1966 Bobby Charlton
83%
S Goalkeeper who played for Arsenal from 1990 to 2003 David Seaman
83%
N Right-back who spent his entire playing career with Manchester United Gary Neville
83%
K Top goal scorer at the 2018 FIFA World Cup Harry Kane
83%
H Goalkeeper who played for Manchester City from 2006 to 2018 Joe Hart
83%
G Midfielder who played for Liverpool from 1998 to 2015 Steven Gerrard
83%
L Top goal scorer at the 1986 FIFA World Cup Gary Lineker
78%
G Attacking midfielder who is nicknamed Gazza Paul Gascoigne
78%
S Attacking midfielder who played for Manchester United from 1993 to 2013 Paul Scholes
78%
F Centre-back who played for Manchester United from 2002 to 2014 Rio Ferdinand
78%
A Centre-back who played entire career for Arsenal from 1983 to 2002 Tony Adams
78%
C Left-back who was voted England Player of the Year in 2010 Ashley Cole
74%
L Midfielder who played for Chelsea from 2001 to 2014 Frank Lampard
74%
H Striker who scored a hat-trick in the 1966 FIFA World Cup final Geoff Hurst
74%
T Centre-back who played for Chelsea from 1998 to 2017 John Terry
74%
O Striker who played most games for Liverpool, Real Madrid and Newcastle United Michael Owen
74%
M Captain of the national team that won the 1966 FIFA World Cup Bobby Moore
70%
H Midfielder who played for Liverpool since 2011 to 2023 Jordan Henderson
70%
P Goalkeeper who played at 2018, 2022 and 2026 FIFA World Cups Jordan Pickford
70%
S Winger and attacking midfielder who played for Liverpool and Manchester City Raheem Sterling
70%
Y Winger or full-back who played for Aston Villa, Inter and Manchester Utd Ashley Young
65%
D Striker who played most games in his career for Tottenham Hotspur Jermain Defoe
65%
R Striker who plays for Manchester United since 2015 Marcus Rashford
65%
S Goalkeeper and the most capped English player Peter Shilton
65%
J Starting goalkeeper of the team at the 2010 FIFA World Cup David James
61%
B Starting goalkeeper of the team that won the 1966 FIFA World Cup Gordon Banks
57%
K Striker who played for Liverpool from 1971 to 1977 Kevin Keegan
57%
V Premier League Player of the Season 2015-16 Jamie Vardy
48%
B Left-winger who played for Liverpool from 1987 to 1997 John Barnes
48%
I Midfielder who played for Manchester United from 1989 to 1995 Paul Ince
48%
M First winner of the European Footballer of the Year award in 1956 Stanley Matthews
48%
R Longest-serving captain in the history of Manchester United Bryan Robson
43%
J Right-back who played at 2010 and 2014 FIFA World Cups Glen Johnson
43%
C Centre-back who played at 1998, 2002 and 2006 FIFA World Cups Sol Campbell
39%
P Midfielder who played for Aston Villa, Sampdoria, Juventus and Arsenal David Platt
35%
W Captain of the national team at 1950, 1954 and 1958 World Cups Billy Wright
26%
U Centre-back who played at the 2010 World Cup Matthew Upson
26%
B Centre-back who played at 1982, 1986 and 1990 FIFA World Cups Terry Butcher
22%
No matching quizzes found
Score Distribution
Percent of People with Each Score
Percentile by Number Answered
Your Score History
You have not taken this quiz since the last reset